=LDR 00000nam 2200000 4500 =001 NUTBA000000000005999 =005 20141118085742.0 =006 =007 =008 =020 ##$$a 978-979-678-376-2 =035 ##$$a 0010-111400000000478 =040 ##$$a NBPDMAT =082 ##$$a 612 =090 ##$$a 612 $b Ari t =100 ##$$a Ari Wahyu Aryandi =245 ##$$a Tubuh dan lingkungan / $c oleh Ani Wahyu Aryandi =260 ##$$a Bandung : $b Sarana Panca Karya Nusa, $c 2011 =300 ##$$a 64 hlm. : $b ilus. ; $c 29 cm. =500 ##$$a Bibliografi : hlm. 64 =650 ##$$a Tubuh Manusia